| 000 | 01031cam a22002531i 4500 | ||
|---|---|---|---|
| 003 | SA-RiAUC | ||
| 005 | 20260221120316.0 | ||
| 008 | 241209q19001999su g 00000 ara c | ||
| 040 |
_aSA-MaUQU _bara _cSA-RiAUC _erda |
||
| 082 | 0 | 4 |
_a251.6 _qSA-RiAUC |
| 090 |
_aم ن 251.6 _bا ب ن ا |
||
| 100 | 1 |
_aابن الأهدل، أبو بكر بن أبي القاسم بن أحمد، _d984-1035 هجري _eمؤلف. |
|
| 245 | 1 | 2 |
_aالفرائد البهية في نظم القواعد الفقهية / _cلأبي بكر الأهدل. |
| 250 | _aالطبعة الاولى | ||
| 264 | 1 |
_aمكة المكرمة : _bالتراقي الماجدية، _c[بين 1900 و1999] |
|
| 300 |
_a28 صفحة؛ _c29 سم. |
||
| 336 |
_aنص _btxt _2rdacontent _3كتاب |
||
| 337 |
_aبدون وسيط _bn _2rdamedia |
||
| 338 |
_aمجلد _bnc _2rdacarrier |
||
| 650 | 7 |
_aالقواعد الفقهية _2aucsh |
|
| 650 | 7 |
_aأصول الفقه الإسلامي _2aucsh |
|
| 942 |
_2ddc _cRBOOK COPY _n0 |
||
| 949 |
_aSA-JeALM _d241209 _uosman123 _n1 |
||
| 999 |
_c14017 _d14017 |
||